Jacques Amand Ltd v SOS Environment and Harrow LBC (Record no. 1449)

MARC details
000 -LEADER
fixed length control field 01537cab a2200265 4500
001 - CONTROL NUMBER
control field ABS50938
008 - FIXED-LENGTH DATA ELEMENTS--GENERAL INFORMATION
fixed length control field 090401t1994 xxu||||| |||| 00| 0 eng d
035 ## - SYSTEM CONTROL NUMBER
System control number (Sirsi) u2402
041 ## - LANGUAGE CODE
Language code of text/sound track or separate title eng
245 ## - TITLE STATEMENT
Title Jacques Amand Ltd v SOS Environment and Harrow LBC
260 ## - PUBLICATION, DISTRIBUTION, ETC.
Date of publication, distribution, etc. 1994
350 ## - PRICE (NR) (BK AM CF MU VM SE) [OBSOLETE]
Price 0
490 ## - SERIES STATEMENT
Series statement Property and Compensation Reports
Volume/sequential designation (1994) 67 P&CR 192-198(7)
520 ## - SUMMARY, ETC.
Summary, etc. QBD 15 June 1993. H issued an enforcement notice against J alleging breach of planning control in retention of a single storey lean-to structure at a nursery. J appealed. H and J agreed that the main use of the site was for horticulture. The Inspector held that the main use was wholesale distribution of bulbs and he would need to ask for special circumstances before considering it appropriate to grant consent in the Green Belt. J challenged this on the grounds that the inspector had raised a new issue of fact. He was in error by failing to make reference to a decision by another inspector on a neighbouring site held to be for horticultural use. Application dismissed; H`s agreement with J on use of the site did not bind the inspector who had explained clearly why he found the primary use of the site not to be horticultural.
650 ## - SUBJECT ADDED ENTRY--TOPICAL TERM
Topical term or geographic name entry element BREACH
650 ## - SUBJECT ADDED ENTRY--TOPICAL TERM
Topical term or geographic name entry element ENFORCEMENT NOTICES
650 ## - SUBJECT ADDED ENTRY--TOPICAL TERM
Topical term or geographic name entry element GREEN BELT
650 ## - SUBJECT ADDED ENTRY--TOPICAL TERM
Topical term or geographic name entry element HORTICULTURAL USE
650 ## - SUBJECT ADDED ENTRY--TOPICAL TERM
Topical term or geographic name entry element INQUIRY PROCEDURE RULES
650 ## - SUBJECT ADDED ENTRY--TOPICAL TERM
Topical term or geographic name entry element MAIL ORDER OPERATION
650 ## - SUBJECT ADDED ENTRY--TOPICAL TERM
Topical term or geographic name entry element PLANNING CONTROL
690 ## - LOCAL SUBJECT ADDED ENTRY--TOPICAL TERM (OCLC, RLIN)
Topical term or geographic name as entry element PLANNING LAW AND PRACTICE-CASE LAW
942 ## - ADDED ENTRY ELEMENTS (KOHA)
Suppress in OPAC 0
948 ## - LOCAL PROCESSING INFORMATION (OCLC); SERIES PART DESIGNATOR (RLIN)
c (OCLC) 04/03/1997
Holdings
Withdrawn status Lost status Source of classification or shelving scheme Damaged status Not for loan Home library Current library Shelving location Date acquired Total Checkouts Full call number Barcode Date last seen Copy number Price effective from Koha item type
    Dewey Decimal Classification     London London Journal article 14/09/1999   ABS50938 2402-1001 06/08/2019 1 06/08/2019 Law report